| 000 | 01783nam a22002657a 4500 | ||
|---|---|---|---|
| 001 | 9633 | ||
| 003 | FISKH | ||
| 005 | 20260127093242.0 | ||
| 008 | 260127b cb ||||| |||| 00| 0 eng d | ||
| 020 | _a9781786542212 | ||
| 040 |
_aFISKH _beng _cFISKH _dFISKH |
||
| 050 | _aPZ7 .B26225 .N | ||
| 082 | _a813.6 | ||
| 100 | _aBarnes, Jennifer Lynn | ||
| 245 |
_aThe naturals : _bTo catch a serial killer, you have to think like one / _cJennifer Lynn Barnes |
||
| 250 | _aThis edition published in 2023 | ||
| 260 |
_aLondon : _bQuercus, _c2013 |
||
| 300 |
_a308 pages : _c 20 cm |
||
| 490 |
_aThe natural : _vBook one |
||
| 520 | _aeventeen-year-old Cassie is a natural at reading people. Piecing together the tiniest details, she can tell you who you are and what you want. But, it's not a skill that she's ever taken seriously. That is, until the FBI come knocking: they've begun a classified program that uses exceptional teenagers to crack infamous cold cases, and they need Cassie. What Cassie doesn't realize is that there's more at risk than a few unsolved homicides-especially when she's sent to live with a group of teens whose gifts are as unusual as her own. Soon, it becomes clear that no one in the Naturals program is what they seem. And when a new killer strikes, danger looms close. Caught in a lethal game of cat and mouse with a killer, the Naturals are going to have to use all of their gifts just to survive. Think The Mentalist meets Pretty Little Liars Jennifer Lynn Barnes's The Naturals is a gripping psychological thriller with killer appeal, a to-die-for romance and the bones of a gritty and compelling new series. | ||
| 650 |
_aFBI _vFiction _xYoung Adult |
||
| 650 |
_aSerial Killers _vMystery _xMurder |
||
| 942 |
_2ddc _cBK _n0 |
||
| 999 |
_c9633 _d9633 |
||